Normal view
MARC view
- Sabido Méndez, Arcadio
Entry Nombre Personal
001 - NUMERO DE CONTROL
- campo de control: 44150
003 - IDENTIFICADOR DE NUMERO DE CONTROL
- campo de control: DLC
005 - FECHA Y HORA DE LA ÜLTIMA TRANSACCIÓN
- campo de control: 20220329112534.0
008 - DATOS DE LONGITUD FIJA
- campo de control de longitud fija: 961120n| acannaabn |a aaa
010 ## - NÚMERO DE CONTROL DE LA BIBLIOTECA DEL CONGRESO
- Número de control LC: n 96112913
035 ## - NUMERO DE CONTROL
- Número de control: (OCoLC)oca04214183
040 ## - FUENTE DE CATALOGACIÓN
- Agencia original de catalogación: DLC
- Lenguaje de catalogación: spa
- Agencia de transcripción: DLC
- Agencia que lo modifica: OCoLC
- Agencia que lo modifica: MX-MxUPN
100 1# - ENCABEZAMIENTO - NOMBRE PERSONAL
- Nombre personal: Sabido Méndez, Arcadio
375 ## - GÉNERO
- Gender: masculino
377 ## - LENGUA ASOCIADA
- Language code: spa
400 1# - VEÁSE - NOMBRE DE PERSONA
- Personal name: Méndez, Arcadio Sabido
670 ## - FUENTE EN LA QUE SE LOCALIZARON DATOS
- Cita de la fuente: Los hombres del poder : monopolios, oligarquía y riqueza, 1995:
- Información localizada: portada (Arcadio Sabido Méndez)
